Speed Quiz - VALORANT Signature Abilities - Statistics

General Stats
  • This quiz has been taken 2,866 times
    618 since last reset
  • The average score is 13 of 25
Answer Stats
Question Answer % Correct
Viper Toxic Screen
77%
Harbor High Tide
72%
Deadlock Barrier Mesh
71%
Gekko Dizzy
70%
Yoru Gatecrash
68%
Sage Healing Orb
66%
Phoenix Hot Hands
66%
Vyse Arc Rose
65%
Killjoy Turret
63%
Jett Tailwind
62%
Reyna Dismiss
59%
Omen Dark Cover
57%
Breach Fault Line
57%
Chamber Rendezvous
54%
Clove Ruse
53%
KAY/O ZERO/point
51%
Raze Paint Shells
50%
Sova Recon Bolt
49%
Astra Nebula
38%
Skye Guiding Light
36%
Iso Double Tap
35%
Fade Haunt
33%
Cypher Spycam
31%
Neon High Gear
22%
Brimstone Sky Smokes
19%
No matching quizzes found
Score Distribution
Percent of People with Each Score
Percentile by Number Answered
Your Score History
You have not taken this quiz since the last reset